| 000 | 00577cam a2200169K 4500 | ||
|---|---|---|---|
| 082 |
_a532 _bMER _cL-tech, P-150. |
||
| 100 | 1 |
_aMerriman, Mansfield, _939949 |
|
| 245 | 1 | 0 |
_aTreatise on hydraulics _cby Mansfield Merriman ... |
| 250 | _a8th ed., rewritten and enl. | ||
| 260 |
_aNew York, _bJ. Wiley & Sons; [etc. _c1905, c1903] |
||
| 300 |
_a1 online resource (viii, 585 p.) _bdiagrs. |
||
| 526 |
_a0 _b0 _c0 _d532_000000000000000_MER |
||
| 650 | 0 | _aHydraulics. | |
| 650 | 0 |
_aMCE _9379 |
|
| 856 | 4 | 0 | _uhttp://catalog.hathitrust.org/api/volumes/oclc/29303291.html |
| 942 |
_2ddc _cBK |
||
| 999 |
_c544332 _d544332 |
||